| 000 | 01706nam a2200421 i 4500 | ||
|---|---|---|---|
| 001 | 25602 | ||
| 003 | KOSZ 005 | ||
| 005 | 20200417142943.0 | ||
| 008 | 070825s1971 pl a f f 000 0 pol | ||
| 015 | _aPB 1972/5931 | ||
| 040 |
_aWA N _cWA N _dKOSZ 005/RW |
||
| 046 | _k1971 | ||
| 080 | _a69 | ||
| 080 | _a351.82(438) | ||
| 100 | 1 |
_aCzerny, Jan. _eAutor |
|
| 245 | 1 | 0 |
_aMateriały szkoleniowe : _bzbiór przepisów i norm wymaganych do egzaminu dla uzyskania stwierdzenia kwalifikacji majstra w budownictwie powszechnym. _nT. 3, _pPrzepisy i normy dla grup robót wykończeniowych : aneks do t. 3 / _cJan Czerny, Edward Radziszewski ; Centralny Ośrodek Informacji Budownictwa. |
| 246 | 1 | 3 | _aNormy dla grup robót wykończeniowych. |
| 246 | 1 | 4 | _aPrzepisy i normy dla grup robót wykończeniowych. |
| 250 | _aWg stanu prawnego na dzień 31 XII 1969 r. | ||
| 260 |
_aWarszawa : _bCentralny Ośrodek Informacji Budownictwa, _c1971. |
||
| 300 |
_a215, [1] stron : _bilustracje ; _c24 cm. |
||
| 336 |
_aTekst _btxt _2rdacontent |
||
| 337 |
_aBez urządzenia pośredniczącego _bn _2rdamedia |
||
| 338 |
_aWolumin _bnc _2rdacarrier |
||
| 380 | _aKsiążki | ||
| 380 | _aPublikacje fachowe | ||
| 388 | _a1901-2000 | ||
| 658 | _aArchitektura i budownictwo | ||
| 650 | 4 | _aBudownictwo | |
| 651 | 4 | _aPolska | |
| 650 | 4 | _aPrawo | |
| 650 | 4 | _aNormalizacja | |
| 650 | 4 | _aEgzaminy zawodowe | |
| 700 | 1 |
_aRadziszewski, Edward _d(1923- ) _eAutor |
|
| 710 | 2 |
_aCentralny Ośrodek Informacji Budownictwa _4pbl. |
|
| 856 |
_uhttp://koha.tu.koszalin.pl/cgi-bin/koha/opac-detail.pl?biblionumber=25602 _yKatalog online BPK |
||
| 942 |
_2UKD _cKS |
||
| 999 |
_c25602 _d25602 |
||